O využívaní časopisu Čitateľ : (Návrhy na jeho zlepšenie a skvalitnenie a na rozšírenie siete odberateľov a prispievateľov)

Bibliographic Details
Main Author: V. Č. (Author)
Format: Article
Language:Slovak

MARC

LEADER 00000nab a2200000uu 4500
001 vtls011441472
003 SK-MaSNL
005 20260303125917.0
008 230218|1955 xo |||||||||||||||||slo|
015 |a SNBRB 
035 |a (urnnbn)urn:nbn:sk:snk:ar-0030y1 
035 |a (uuid)fcf28703-dba9-4756-b3b2-7918217fc2a3 
035 |a urn:nbn:sk:snk-abcfpj 
040 |a SNKBUCL  |b slo  |c SNKBUCL  |e AACR2 
041 0 |a slo 
044 |a xo  |c SK 
100 1 |a V. Č.  |4 aut  |9 808452 
245 1 0 |a O využívaní časopisu Čitateľ :  |b (Návrhy na jeho zlepšenie a skvalitnenie a na rozšírenie siete odberateľov a prispievateľov)  |c V. Č. 
773 0 |t Čitateľ : mesačník pre prácu s čitateľmi  |g Roč. 4, č. 11 (1955), s. 505-506 
954 |a odborná, vedecká literatúra pôvodná (slovenská)  |2 lita 
958 |a OND 
958 |a EUIPO 
958 |a article16 
999 |c 1937101  |d 1939031